000 01537nam0a2200361 4500
001 RU\NLR\BIBL_A\012723776
005 20220504095205.0
010 _a978-5-00108-732-8
_92000
021 _aRU
_bКН-П-21-080671
_9КН-П-21-6420
035 _a(NLR Aleph) 012723776
090 _a12949873
_c12949873
100 _a20220304d2022 e y0rusy50 ca
101 1 _arus
_aeng
102 _aRU
105 _aa|||z|||000ay
181 0 _ai3
_baxxe
181 0 _ab1
_bbb2e
182 0 _an
200 1 _aВетер в ивах
_eповесть
_e[для старшего школьного возраста]
_fКеннет Грэм
_gперевод с английского Е. Дунаевской
_gиллюстрации Артура Рэкхема
203 _aТекст
_aИзображение
_bвизуальные
_cнепосредственные
210 _aМосква
_cИздательский дом Мещерякова
_d2022 [т.е. 2021]
215 _a238, [1] с.
_cил.
_d20
225 1 _aМалая книга с историей
300 _aКн. фактически изд. в 2021 г.
333 _a6+
686 0 _aШ9(4Вл)62-4
700 1 _aГрэм
_bК.
_f1859-1932
_gКеннет
_3RU\NLR\AUTH\7723575
702 1 _aРэкхем
_bА.
_f1867-1939
_gАртур
_3RU\NLR\AUTH\77102707
_4440
942 _cBOOK
980 _aNB